[Event "BCF-chT1c 1718 (4NCL) Promotion pool"]
[Site "England"]
[Date "2018.03.18"]
[Round "8.22"]
[White "Parker, Jonathan"]
[Black "Alsina Leal, Daniel"]
[Result "1/2-1/2"]
[WhiteElo "2530"]
[BlackElo "2507"]
[PlyCount "88"]
[EventDate "2017.01.11"]
[EventType "team-swiss"]
[EventRounds "11"]
[EventCountry "ENG"]
[SourceTitle "EXT 2019"]
[Source "ChessBase"]
[SourceDate "2018.10.10"]
[SourceVersion "1"]
[SourceVersionDate "2018.10.10"]
[SourceQuality "1"]
[WhiteTeam "Barbican"]
[BlackTeam "White Rose"]
[WhiteTeamCountry "ENG"]
[BlackTeamCountry "ENG"]

1. Nf3 Nf6 2. g3 d5 3. Bg2 c6 4. 0-0 Bf5 5. d3 h6 6. c4 e6 7. Qb3 Qb6 8. Qxb6 axb6 9. Nc3 dxc4 10. dxc4 Nbd7 11. Bf4 g5 12. Be3 Bc5 13. Bxc5 bxc5 14. Rfd1 Ke7 15. Rd2 Nb6 16. b3 Rhd8 17. Rad1 Rxd2 18. Rxd2 Ne4 19. Nxe4 Bxe4 20. Ne1 Bxg2 21. Kxg2 Ra3 22. Nd3 Nd7 23. f4 gxf4 24. gxf4 b5 25. Rc2 Kd6 26. Nf2 f5 27. e4 bxc4 28. bxc4 Nb6 29. exf5 exf5 30. Nh1 Ke6 31. Ng3 Kf6 32. Nh5+ Kg6 33. Ng3 Kf6 34. Nh5+ Kg6 35. Ng3 Ra4 36. Re2 Nxc4 37. Re6+ Kf7 38. Rxc6 Ne3+ 39. Kf3 Nd5 40. Rxc5 Ra3+ 41. Kf2 Rxa2+ 42. Kg1 Ra1+ 43. Kf2 Ra2+ 44. Kg1 Ra1+ 1/2-1/2

[Event "BCF-chT1a 1617 (4NCL)"]
[Site "England"]
[Date "2016.11.20"]
[Round "2.22"]
[White "Buckley, Graeme N"]
[Black "Parker, Jonathan"]
[Result "1/2-1/2"]
[WhiteElo "2342"]
[BlackElo "2530"]
[PlyCount "71"]
[EventDate "2016.11.19"]
[EventType "team-tourn"]
[EventRounds "7"]
[EventCountry "ENG"]
[SourceTitle "CBM 175 Extra"]
[Source "ChessBase"]
[SourceDate "2016.12.12"]
[SourceVersion "1"]
[SourceVersionDate "2016.12.12"]
[SourceQuality "1"]
[WhiteTeam "Guildford II"]
[BlackTeam "Barbican"]
[WhiteTeamCountry "ENG"]
[BlackTeamCountry "ENG"]

1. e4 e5 2. Nf3 Nc6 3. Bb5 a6 4. Ba4 Nf6 5. 0-0 Be7 6. Re1 b5 7. Bb3 d6 8. c3 0-0 9. h3 Nb8 10. d4 Nbd7 11. Nbd2 Bb7 12. Bc2 Re8 13. a4 Bf8 14. Bd3 c6 15. Qc2 g6 16. b3 Nh5 17. Bf1 Nf4 18. Bb2 Bg7 19. b4 Rc8 20. Qb3 Nb6 21. a5 Na4 22. Bc1 Ne6 23. dxe5 dxe5 24. Nc4 Qc7 25. Rd1 Rcd8 26. Rxd8 Rxd8 27. Ng5 Bc8 28. Be3 c5 29. Nb6 Nxb6 30. axb6 Qxb6 31. bxc5 Qb7 32. Qa3 Nxg5 33. Bxg5 Re8 34. f3 Bf8 35. Be3 Re6 36. Qb4 1/2-1/2

[Event "BCF-chT1a 1516 (4NCL)"]
[Site "England"]
[Date "2016.03.19"]
[Round "7.131"]
[White "Gordon, Stephen J"]
[Black "Parker, Jonathan"]
[Result "1/2-1/2"]
[WhiteElo "2498"]
[BlackElo "2525"]
[PlyCount "92"]
[EventDate "2015.11.14"]
[EventType "team-tourn"]
[EventRounds "7"]
[EventCountry "ENG"]
[SourceTitle "CBM 171 Extra"]
[Source "ChessBase"]
[SourceDate "2016.04.26"]
[SourceVersion "1"]
[SourceVersionDate "2016.04.26"]
[SourceQuality "1"]
[WhiteTeam "3CS Oldham"]
[BlackTeam "Barbican"]
[WhiteTeamCountry "ENG"]
[BlackTeamCountry "ENG"]

1. c4 e5 2. g3 Nf6 3. Bg2 d5 4. cxd5 Nxd5 5. Nc3 Nb6 6. Nf3 Nc6 7. 0-0 Be7 8. a3 0-0 9. d3 Re8 10. b4 Bf8 11. Nd2 a5 12. b5 Nd4 13. e3 Ne6 14. Nf3 Bd6 15. a4 Nc5 16. d4 exd4 17. exd4 Ncd7 18. Qb3 h6 19. Bb2 Nf6 20. Rad1 Be6 21. d5 Bf5 22. Nd4 Qd7 23. Nxf5 Qxf5 24. Rd2 Re7 25. Qd1 Nc4 26. Rc2 Nxb2 27. Rxb2 Rae8 28. b6 cxb6 29. Rxb6 Bc5 30. Rb5 Re1 31. Rxc5 Rxd1 32. Nxd1 b6 33. Ne3 Qh5 34. Rc6 Ng4 35. Nxg4 Qxg4 36. Rxb6 Qxa4 37. d6 Rd8 38. Rfb1 Qd4 39. R6b5 Rxd6 40. Rxa5 Rf6 41. Ra2 g5 42. Re2 Qc5 43. Rf1 Kg7 44. Re4 Rd6 45. Rfe1 Rf6 46. Rf1 Rd6 1/2-1/2

[Event "BCF-chT1a 1516 (4NCL)"]
[Site "England"]
[Date "2015.11.15"]
[Round "2.121"]
[White "Fernandez, Daniel Howard"]
[Black "Parker, Jonathan"]
[Result "1/2-1/2"]
[WhiteElo "2476"]
[BlackElo "2525"]
[PlyCount "33"]
[EventDate "2015.11.14"]
[EventType "team-tourn"]
[EventRounds "7"]
[EventCountry "ENG"]
[SourceTitle "CBM 169 Extra"]
[Source "ChessBase"]
[SourceDate "2015.12.18"]
[SourceVersion "1"]
[SourceVersionDate "2015.12.18"]
[SourceQuality "1"]
[WhiteTeam "Guildford II"]
[BlackTeam "Barbican"]
[WhiteTeamCountry "ENG"]
[BlackTeamCountry "ENG"]

1. e4 e5 2. Nf3 Nc6 3. Bc4 Bc5 4. c3 Nf6 5. d3 0-0 6. 0-0 d5 7. exd5 Nxd5 8. Re1 Bg4 9. Nbd2 Bb6 10. Nf1 f6 11. Ne3 Be6 12. Bb3 Qd7 13. Nc4 Rad8 14. d4 exd4 15. Nxb6 axb6 16. Nxd4 Bf7 17. Nxc6 1/2-1/2

[Event "BCF-chT1a 1213 (4NCL)"]
[Site "England"]
[Date "2013.01.13"]
[Round "4.112"]
[White "Parker, Jonathan"]
[Black "Rowson, Jonathan"]
[Result "0-1"]
[WhiteElo "2525"]
[BlackElo "2586"]
[PlyCount "66"]
[EventDate "2012.11.03"]
[EventType "team-tourn"]
[EventRounds "7"]
[EventCountry "ENG"]
[SourceTitle "EXT 2014"]
[Source "ChessBase"]
[SourceDate "2013.11.20"]
[SourceVersion "1"]
[SourceVersionDate "2013.11.20"]
[SourceQuality "1"]
[WhiteTeam "Barbican"]
[BlackTeam "Wood Green Hilsmark"]
[WhiteTeamCountry "ENG"]
[BlackTeamCountry "ENG"]

1. d4 Nf6 2. c4 e6 3. Nc3 Bb4 4. e3 0-0 5. Bd3 d5 6. Nge2 dxc4 7. Bxc4 e5 8. 0-0 Qe7 9. a3 Bd6 10. Nb5 e4 11. Nxd6 cxd6 12. Nf4 b6 13. Bd2 Bb7 14. Rc1 Na6 15. b4 Nc7 16. b5 Qd7 17. Qb3 g5 18. Nh3 h6 19. a4 Rac8 20. Kh1 Bd5 21. Ng1 Qe6 22. Bxd5 Ncxd5 23. a5 Kg7 24. axb6 axb6 25. Rc6 Ng8 26. f3 Nge7 27. fxe4 Qxe4 28. Rxd6 Rc2 29. Rf2 Ra8 30. Qb1 Raa2 31. Qf1 f5 32. Qd1 Nxe3 33. Qh5 Ng4 0-1

[Event "BCF-chTb 1112 (4NCL)"]
[Site "England"]
[Date "2012.02.12"]
[Round "6.62"]
[White "Trent, Lawrence"]
[Black "Parker, Jonathan"]
[Result "1/2-1/2"]
[WhiteElo "2433"]
[BlackElo "2531"]
[PlyCount "35"]
[EventDate "2011.11.12"]
[EventType "team-tourn"]
[EventRounds "7"]
[EventCountry "ENG"]
[SourceTitle "EXT 2013"]
[Source "ChessBase"]
[SourceDate "2012.11.22"]
[SourceVersion "1"]
[SourceVersionDate "2012.11.22"]
[SourceQuality "1"]
[WhiteTeam "Wood Green Hilsmark II"]
[BlackTeam "Barbican"]
[WhiteTeamCountry "ENG"]
[BlackTeamCountry "ENG"]

1. e4 e5 2. Nf3 Nc6 3. Bb5 Nf6 4. d3 Bc5 5. Bxc6 dxc6 6. b3 Bg4 7. Bb2 Nd7 8. Nbd2 f6 9. h3 Bxf3 10. Nxf3 Qe7 11. a3 0-0-0 12. b4 Bd6 13. c3 Nf8 14. Qa4 Kb8 15. 0-0-0 Ne6 16. Qc2 c5 17. Nd2 c6 18. Nc4 1/2-1/2

[Event "BCF-chTb 1112 (4NCL)"]
[Site "England"]
[Date "2011.11.13"]
[Round "2.2"]
[White "Hebden, Mark"]
[Black "Parker, Jonathan"]
[Result "1/2-1/2"]
[WhiteElo "2516"]
[BlackElo "2531"]
[PlyCount "50"]
[EventDate "2011.11.12"]
[EventType "team-tourn"]
[EventRounds "7"]
[EventCountry "ENG"]
[SourceTitle "EXT 2013"]
[Source "ChessBase"]
[SourceDate "2012.11.22"]
[SourceVersion "1"]
[SourceVersionDate "2012.11.22"]
[SourceQuality "1"]
[WhiteTeam "Cheddleton"]
[BlackTeam "Barbican"]
[WhiteTeamCountry "ENG"]
[BlackTeamCountry "ENG"]

1. d4 d5 2. Nf3 Nf6 3. c4 e6 4. Bg5 h6 5. Bxf6 Qxf6 6. Nc3 Bb4 7. e3 0-0 8. Rc1 dxc4 9. Bxc4 c5 10. dxc5 Bxc5 11. 0-0 Qe7 12. Ne4 Rd8 13. Qc2 Bb6 14. Rfd1 Nc6 15. Rxd8+ Bxd8 16. Bb5 Bd7 17. Qd2 Ba5 18. Qd6 Bb4 19. Qxe7 Bxe7 20. Nc5 Bxc5 21. Rxc5 Rc8 22. a3 b6 23. Rc3 Nb8 24. Rxc8+ Bxc8 25. Kf1 Kf8 1/2-1/2

[Event "BCF-chT1a 1011 (4NCL)"]
[Site "England"]
[Date "2011.01.15"]
[Round "3.14"]
[White "Parker, Jonathan"]
[Black "Polaczek, Richard"]
[Result "1-0"]
[WhiteElo "2531"]
[BlackElo "2378"]
[PlyCount "53"]
[EventDate "2010.11.06"]
[EventType "team-tourn"]
[EventRounds "7"]
[EventCountry "ENG"]
[SourceTitle "EXT 2012"]
[Source "ChessBase"]
[SourceDate "2011.11.24"]
[SourceVersion "1"]
[SourceVersionDate "2011.11.24"]
[SourceQuality "1"]
[WhiteTeam "Barbican"]
[BlackTeam "Pandoras Box"]
[WhiteTeamCountry "ENG"]
[BlackTeamCountry "ENG"]

1. d4 Nf6 2. c4 e6 3. Nf3 d5 4. Nc3 Be7 5. Bg5 0-0 6. e3 h6 7. Bh4 b6 8. Bd3 Bb7 9. 0-0 Nbd7 10. Qe2 c6 11. cxd5 exd5 12. Rad1 Ne4 13. Bg3 Re8 14. Ne5 Nxg3 15. hxg3 Nf6 16. f4 Bd6 17. g4 Ne4 18. Nxe4 dxe4 19. Bc4 Bxe5 20. dxe5 Qh4 21. g5 b5 22. Bb3 hxg5 23. fxg5 Rxe5 24. Bxf7+ Kh8 25. Rf4 Qxg5 26. Qf2 g6 27. Bxg6 1-0

[Event "BCF-chT1b 0910 (4NCL)"]
[Site "England"]
[Date "2010.02.21"]
[Round "6.2"]
[White "McDonald, Neil R"]
[Black "Parker, Jonathan"]
[Result "1/2-1/2"]
[WhiteElo "2421"]
[BlackElo "2523"]
[PlyCount "47"]
[EventDate "2009.10.24"]
[EventType "team-tourn"]
[EventRounds "7"]
[EventCountry "ENG"]
[SourceTitle "EXT 2011"]
[Source "ChessBase"]
[SourceDate "2010.11.26"]
[SourceVersion "1"]
[SourceVersionDate "2010.11.26"]
[SourceQuality "1"]
[WhiteTeam "Wood Green Hilsmark Kingfisher II"]
[BlackTeam "Barbican"]
[WhiteTeamCountry "ENG"]
[BlackTeamCountry "ENG"]

1. e4 e5 2. Nf3 Nc6 3. Bb5 Nf6 4. 0-0 Nxe4 5. d4 Nd6 6. Bxc6 dxc6 7. dxe5 Nf5 8. Qxd8+ Kxd8 9. Nc3 Bd7 10. b3 Be7 11. Bb2 Ke8 12. Rad1 Rd8 13. Ne2 h5 14. c4 Bc8 15. Rxd8+ Bxd8 16. Ned4 c5 17. Nb5 Be6 18. Ba3 a6 19. Nc3 b6 20. Ne4 Kd7 21. Bc1 Kc6 22. Rd1 Re8 23. h3 Be7 24. Bg5 1/2-1/2

[Event "BCF-chT1a 0809 (4NCL)"]
[Site "England"]
[Date "2009.01.18"]
[Round "6.2"]
[White "Conquest, Stuart"]
[Black "Parker, Jonathan"]
[Result "1-0"]
[WhiteElo "2531"]
[BlackElo "2528"]
[PlyCount "75"]
[EventDate "2008.10.04"]
[EventType "team-tourn"]
[EventRounds "7"]
[EventCountry "ENG"]
[SourceTitle "EXT 2010"]
[Source "ChessBase"]
[SourceDate "2010.11.25"]
[SourceVersion "1"]
[SourceVersionDate "2010.11.25"]
[SourceQuality "1"]
[WhiteTeam "Guildford II"]
[BlackTeam "Barbican"]
[WhiteTeamCountry "ENG"]
[BlackTeamCountry "ENG"]

1. e4 e5 2. Nf3 Nc6 3. Bc4 Bc5 4. c3 Nf6 5. d3 a6 6. Bb3 Ba7 7. h3 d5 8. Qe2 0-0 9. Bg5 dxe4 10. dxe4 Be6 11. Nbd2 Bxb3 12. axb3 Qd6 13. Nh4 Qe6 14. Nf5 Ne8 15. b4 f6 16. Be3 Bxe3 17. Nxe3 Nd6 18. 0-0 Rad8 19. Rfd1 Ne7 20. Qg4 Qf7 21. Ra5 Ng6 22. g3 Rfe8 23. Rd5 c6 24. Rd3 Qc7 25. Ndc4 Nxc4 26. Rxd8 Rxd8 27. Qe6+ Kh8 28. Rxd8+ Qxd8 29. Nxc4 Qd1+ 30. Kg2 h5 31. h4 Qd3 32. Nd6 Kh7 33. Qf5 Qxd6 34. Qxh5+ Kg8 35. Qxg6 Qd2 36. h5 Kf8 37. Qf5 Qd8 38. Qe6 1-0

[Event "EU-Cup 24th"]
[Site "Kallithea"]
[Date "2008.10.19"]
[Round "3"]
[White "Socko, Bartosz"]
[Black "Parker, Jonathan"]
[Result "1/2-1/2"]
[WhiteElo "2631"]
[BlackElo "2538"]
[PlyCount "108"]
[EventDate "2008.10.17"]
[EventType "team-swiss"]
[EventRounds "7"]
[EventCountry "GRE"]
[SourceTitle "CBM 127"]
[Source "ChessBase"]
[SourceDate "2008.11.13"]
[SourceVersion "1"]
[SourceVersionDate "2008.11.13"]
[SourceQuality "1"]
[WhiteTeam "Baden Invest"]
[BlackTeam "Barbican"]
[WhiteTeamCountry "AUT"]
[BlackTeamCountry "ENG"]

1. e4 e5 2. Nf3 Nc6 3. Bb5 Nf6 4. 0-0 Nxe4 5. d4 Nd6 6. Bxc6 dxc6 7. dxe5 Nf5 8. Qxd8+ Kxd8 9. Nc3 Ke8 10. h3 a5 11. a4 h6 12. Ne4 Ne7 13. Nd4 Nf5 14. Ne2 Be7 15. b3 h5 16. g4 hxg4 17. hxg4 Nh4 18. f3 f5 19. exf6 gxf6 20. Bb2 Kf7 21. Kf2 Rg8 22. N2g3 f5 23. gxf5 Bxf5 24. Rg1 Rae8 25. Be5 Bxe4 26. Nxe4 Bd8 27. Bc3 b6 28. Rad1 Nf5 29. Rd7+ Ke6 30. Rxg8 Rxg8 31. Rh7 Nd6 32. Ng3 Rf8 33. Ke3 Bg5+ 34. Ke2 Be7 35. Bd2 Rg8 36. Bf4 Rf8 37. Ke3 Rg8 38. Nh5 Ne8 39. Bg3 Bc5+ 40. Ke4 Bd6 41. Rh6+ Kf7 42. f4 Bf8 43. Rxc6 Nd6+ 44. Ke5 Kg6 45. Nf6 Bg7 46. Bh4 Rh8 47. Bg5 Ne8 48. Ke6 Nxf6 49. Rxc7 Re8+ 50. Re7 Rxe7+ 51. Kxe7 Ne4 52. Bh4 Kf5 53. Kd7 Kxf4 54. Kc6 Ke3 1/2-1/2

[Event "EU-Cup 24th"]
[Site "Kallithea"]
[Date "2008.10.18"]
[Round "2"]
[White "Parker, Jonathan"]
[Black "Radjabov, Teimour"]
[Result "0-1"]
[WhiteElo "2538"]
[BlackElo "2751"]
[PlyCount "64"]
[EventDate "2008.10.17"]
[EventType "team-swiss"]
[EventRounds "7"]
[EventCountry "GRE"]
[SourceTitle "CBM 127"]
[Source "ChessBase"]
[SourceDate "2008.11.13"]
[SourceVersion "1"]
[SourceVersionDate "2008.11.13"]
[SourceQuality "1"]
[WhiteTeam "Barbican"]
[BlackTeam "Ural Sverdlovskaya"]
[WhiteTeamCountry "ENG"]
[BlackTeamCountry "RUS"]

1. d4 Nf6 2. c4 g6 3. Nc3 Bg7 4. e4 d6 5. f4 c5 6. d5 0-0 7. Nf3 e6 8. Be2 exd5 9. cxd5 Bg4 10. 0-0 Bxf3 11. Bxf3 Nbd7 12. g4 Ne8 13. g5 Nc7 14. Bg4 Bd4+ 15. Kh1 Qe7 16. Ne2 Bg7 17. Ng3 f6 18. h4 b5 19. Kg2 Rab8 20. e5 f5 21. Bf3 Nb6 22. Re1 b4 23. Be3 Qd7 24. e6 Qb5 25. h5 Bxb2 26. hxg6 hxg6 27. Rh1 Bg7 28. Qg1 Nbxd5 29. Bxd5 Nxd5 30. Qh2 Nxe3+ 31. Kf3 Qb7+ 32. Kxe3 Bxa1 0-1

[Event "BCF-chT 0607 (4NCL)"]
[Site "Sunningdale"]
[Date "2007.05.05"]
[Round "9.1"]
[White "Parker, Jonathan"]
[Black "Werle, Jan"]
[Result "1/2-1/2"]
[WhiteElo "2521"]
[BlackElo "2556"]
[PlyCount "40"]
[EventDate "2006.09.16"]
[EventType "team"]
[EventRounds "11"]
[EventCountry "ENG"]
[SourceTitle "EXT 2008"]
[Source "ChessBase"]
[SourceDate "2007.11.25"]
[SourceVersion "1"]
[SourceVersionDate "2007.11.25"]
[SourceQuality "1"]
[WhiteTeam "Barbican"]
[BlackTeam "Bristol"]
[WhiteTeamCountry "ENG"]
[BlackTeamCountry "ENG"]

1. d4 Nf6 2. c4 e6 3. Nc3 Bb4 4. e3 0-0 5. Bd3 d5 6. cxd5 exd5 7. Nge2 Re8 8. 0-0 Bf8 9. Qc2 a5 10. Bd2 Na6 11. a3 c6 12. f3 c5 13. Rad1 Bd7 14. dxc5 Nxc5 15. Bc1 Rc8 16. Nf4 g6 17. Bb5 Bxb5 18. Nxb5 Qb6 19. Nd4 Ne6 20. Qf2 Nxd4 1/2-1/2

[Event "BCF-chT 0607 (4NCL)"]
[Site "Sunningdale"]
[Date "2007.01.13"]
[Round "5.1"]
[White "Parker, Jonathan"]
[Black "Pert, Richard G"]
[Result "1/2-1/2"]
[WhiteElo "2522"]
[BlackElo "2450"]
[PlyCount "83"]
[EventDate "2006.09.16"]
[EventType "team"]
[EventRounds "11"]
[EventCountry "ENG"]
[SourceTitle "EXT 2008"]
[Source "ChessBase"]
[SourceDate "2007.11.25"]
[SourceVersion "1"]
[SourceVersionDate "2007.11.25"]
[SourceQuality "1"]
[WhiteTeam "Barbican"]
[BlackTeam "Betsson.com"]
[WhiteTeamCountry "ENG"]
[BlackTeamCountry "ENG"]

1. d4 Nf6 2. c4 e6 3. Nf3 d5 4. Nc3 dxc4 5. e3 a6 6. a4 c5 7. Bxc4 Nc6 8. 0-0 Be7 9. Qe2 cxd4 10. Rd1 e5 11. exd4 exd4 12. Nxd4 Nxd4 13. Qe5 Qd6 14. Qxd4 Qxd4 15. Rxd4 Bc5 16. Rd1 0-0 17. Bg5 Be6 18. Bxe6 fxe6 19. Bxf6 gxf6 20. Ne4 Bb4 21. Rd4 a5 22. Rad1 Rac8 23. h4 Be7 24. Nd6 Bxd6 25. Rxd6 Rc4 26. h5 Rxa4 27. Rxe6 Rh4 28. Rd5 f5 29. h6 a4 30. g3 Rg4 31. Rb5 f4 32. Kg2 fxg3 33. fxg3 Rb8 34. Kh3 Rg6 35. Rxg6+ hxg6 36. Kg4 Kh7 37. Kg5 b6 38. Rd5 Rb7 39. Rd6 Re7 40. Rxb6 Re5+ 41. Kg4 Kxh6 42. Rb4 1/2-1/2

[Event "GBR-ch 93rd"]
[Site "Swansea"]
[Date "2006.08.17"]
[Round "11"]
[White "Parker, Jonathan"]
[Black "Rowson, Jonathan"]
[Result "0-1"]
[WhiteElo "2509"]
[BlackElo "2579"]
[PlyCount "80"]
[EventDate "2006.08.07"]
[EventType "swiss"]
[EventRounds "11"]
[EventCountry "WLS"]
[SourceTitle "CBM 113 Extra"]
[Source "ChessBase"]
[SourceDate "2006.09.14"]
[SourceVersion "1"]
[SourceVersionDate "2006.09.14"]
[SourceQuality "1"]

1. d4 Nf6 2. c4 e6 3. Nc3 Bb4 4. Nf3 b6 5. Bg5 Bb7 6. e3 h6 7. Bh4 Bxc3+ 8. bxc3 d6 9. Nd2 Nbd7 10. f3 Qe7 11. e4 g5 12. Bf2 c5 13. Qa4 Nh5 14. h4 0-0-0 15. Qxa7 Kc7 16. Qa4 f5 17. Qc2 g4 18. fxg4 Nhf6 19. Bd3 Nxg4 20. Bg1 f4 21. Nf3 e5 22. h5 Qf7 23. Nh4 Qxh5 24. Rh3 Rhe8 25. Nf5 Qg5 26. d5 h5 27. Qb2 Ra8 28. Be2 Ra6 29. Bf3 Rea8 30. Qb3 Ra3 31. Qb2 R8a4 32. Bd1 Ra8 33. Bf3 R3a5 34. Rh1 R8a6 35. Rh3 Bc8 36. Rh1 Nf8 37. Nh4 Nh7 38. Qd2 Bd7 39. Kf1 Nhf6 40. Ke2 Ra4 0-1

[Event "GBR-ch 93rd"]
[Site "Swansea"]
[Date "2006.08.14"]
[Round "8"]
[White "Parker, Jonathan"]
[Black "Hebden, Mark"]
[Result "1-0"]
[WhiteElo "2509"]
[BlackElo "2532"]
[PlyCount "110"]
[EventDate "2006.08.07"]
[EventType "swiss"]
[EventRounds "11"]
[EventCountry "WLS"]
[SourceTitle "CBM 113 Extra"]
[Source "ChessBase"]
[SourceDate "2006.09.14"]
[SourceVersion "1"]
[SourceVersionDate "2006.09.14"]
[SourceQuality "1"]

1. d4 Nf6 2. c4 g6 3. Nc3 Bg7 4. e4 d6 5. f4 0-0 6. Nf3 Na6 7. Bd3 e5 8. fxe5 dxe5 9. d5 Nh5 10. 0-0 Qe7 11. Kh1 Bg4 12. Qe1 c5 13. Bg5 f6 14. Be3 f5 15. Bg5 Qe8 16. exf5 gxf5 17. Be2 Nb4 18. Qd2 e4 19. Nh4 Qe5 20. Rae1 Qd4 21. Nxf5 Bxf5 22. Bxh5 Nd3 23. Be7 Nxe1 24. Qxe1 Qxc4 25. Be2 Qd4 26. Qg3 Qd2 27. Bxc5 Kh8 28. Bxf8 Rxf8 29. d6 Qxb2 30. d7 Qxc3 31. Qxc3 Bxc3 32. Rxf5 Rd8 33. Rf7 Bd4 34. g4 Bb6 35. Kg2 Rg8 36. Re7 Rd8 37. g5 Rf8 38. Rxe4 Kg7 39. Bh5 Bd8 40. h4 h6 41. Re5 hxg5 42. hxg5 Rf4 43. Re8 Bxg5 44. d8Q Bxd8 45. Rxd8 Ra4 46. Rd2 Ra3 47. Be2 Kf6 48. Kf2 a6 49. Ke1 b5 50. Kd1 Ke5 51. Kc1 Ke4 52. Kb2 b4 53. Bf1 a5 54. Rh2 Rg3 55. Rh4+ Kd5 1-0

[Event "GBR-ch 93rd"]
[Site "Swansea"]
[Date "2006.08.10"]
[Round "4"]
[White "Parker, Jonathan"]
[Black "Greet, Andrew"]
[Result "1/2-1/2"]
[WhiteElo "2509"]
[BlackElo "2431"]
[PlyCount "184"]
[EventDate "2006.08.07"]
[EventType "swiss"]
[EventRounds "11"]
[EventCountry "WLS"]
[SourceTitle "CBM 113 Extra"]
[Source "ChessBase"]
[SourceDate "2006.09.14"]
[SourceVersion "1"]
[SourceVersionDate "2006.09.14"]
[SourceQuality "1"]

1. d4 Nf6 2. c4 e6 3. Nf3 b6 4. Nc3 Bb4 5. Bg5 Bb7 6. e3 h6 7. Bh4 g5 8. Bg3 Ne4 9. Qc2 Bxc3+ 10. bxc3 d6 11. Bd3 f5 12. d5 Nd7 13. Bxe4 fxe4 14. Qxe4 Qf6 15. 0-0 0-0-0 16. Qxe6 Qxe6 17. dxe6 Nc5 18. Nd4 Be4 19. f4 Rdf8 20. Rad1 a6 21. h4 Kd8 22. fxg5 hxg5 23. hxg5 Rfg8 24. Be5 Rh7 25. Bf6+ Ke8 26. Rf4 Bb7 27. e7 Ne4 28. Rxe4 Bxe4 29. Ne6 Rxe7 30. Bxe7 Kxe7 31. Nxc7 Rxg5 32. Nd5+ Ke6 33. Rd2 Bxd5 34. cxd5+ Ke5 35. Rd4 Rg7 36. Kf2 Rc7 37. c4 b5 38. cxb5 Rc2+ 39. Kf3 axb5 40. Rb4 Rxa2 41. Rxb5 Ra8 42. g4 Rf8+ 43. Kg3 Rg8 44. Ra5 Ke4 45. Kh4 Ke5 46. Ra7 Re8 47. Ra5 Rh8+ 48. Kg3 Rg8 49. Ra7 Re8 50. Rf7 Kxd5 51. Kf4 Ke6 52. Rf5 Rh8 53. Rh5 Rf8+ 54. Rf5 Rh8 55. e4 Rh1 56. Ra5 Rf1+ 57. Kg5 Re1 58. Ra4 Kf7 59. Rd4 Re2 60. Kf4 Ke6 61. g5 Re1 62. Rd3 Rf1+ 63. Kg4 Re1 64. Kf4 Rf1+ 65. Rf3 Re1 66. Rg3 Rf1+ 67. Kg4 Re1 68. g6 Kf6 69. Kf4 Rf1+ 70. Ke3 Kg7 71. Kd4 Rd1+ 72. Kc4 Rd2 73. Rg5 Rd1 74. Rg2 Rc1+ 75. Kd5 Rd1+ 76. Ke6 Re1 77. Rg4 Rd1 78. Rg5 Rd4 79. Kf5 Ra4 80. Kf4 Ra1 81. Rd5 Kxg6 82. Rxd6+ Kf7 83. Kf5 Ke7 84. Rb6 Rh1 85. Rb7+ Ke8 86. Ke6 Rh6+ 87. Kd5 Rg6 88. e5 Rh6 89. e6 Rh1 90. Kd6 Rd1+ 91. Ke5 Rc1 92. Ke4 Rd1 1/2-1/2

[Event "GBR-ch 93rd"]
[Site "Swansea"]
[Date "2006.08.09"]
[Round "3"]
[White "Taylor, Martin R"]
[Black "Parker, Jonathan"]
[Result "0-1"]
[WhiteElo "2332"]
[BlackElo "2509"]
[PlyCount "80"]
[EventDate "2006.08.07"]
[EventType "swiss"]
[EventRounds "11"]
[EventCountry "WLS"]
[SourceTitle "CBM 113 Extra"]
[Source "ChessBase"]
[SourceDate "2006.09.14"]
[SourceVersion "1"]
[SourceVersionDate "2006.09.14"]
[SourceQuality "1"]

1. d4 Nf6 2. Bg5 e6 3. Nd2 c5 4. e3 cxd4 5. exd4 Nc6 6. Ngf3 Be7 7. c3 0-0 8. Bd3 Nd5 9. Bxe7 Qxe7 10. 0-0 b6 11. Re1 Bb7 12. Bf1 Nf6 13. a4 d6 14. Nb3 Qc7 15. Nfd2 Rab8 16. Nc4 Ne7 17. Ne3 Bc6 18. Nc1 Rfd8 19. Nd3 a5 20. Ng4 Nxg4 21. Qxg4 b5 22. Nf4 bxa4 23. Bd3 Ng6 24. Re3 Nxf4 25. Qxf4 Rxb2 26. Rh3 g6 27. Qh4 f5 28. Qf6 Re8 29. d5 exd5 30. c4 Rbb8 31. Bxf5 Qe7 32. Qxe7 Rxe7 33. cxd5 Bxd5 34. Bc2 Bb3 35. Bd3 Rc8 36. f4 Rec7 37. Kf2 Rc1 38. Rxc1 Rxc1 39. Be4 d5 40. Bf3 a3 0-1

[Event "Amsterdam ACT op 3rd"]
[Site "Amsterdam"]
[Date "2006.07.19"]
[Round "5"]
[White "Parker, Jonathan"]
[Black "Ansell, Simon"]
[Result "1-0"]
[WhiteElo "2509"]
[BlackElo "2391"]
[PlyCount "110"]
[EventDate "2006.07.15"]
[EventType "swiss"]
[EventRounds "9"]
[EventCountry "NED"]
[SourceTitle "CBM 113 Extra"]
[Source "ChessBase"]
[SourceDate "2006.09.14"]
[SourceVersion "1"]
[SourceVersionDate "2006.09.14"]
[SourceQuality "1"]

1. d4 d5 2. c4 c6 3. Nc3 dxc4 4. e4 b5 5. a4 b4 6. Na2 Nf6 7. e5 Nd5 8. Bxc4 Bf5 9. Bg5 h6 10. Bh4 Qa5 11. b3 e6 12. Ne2 Nd7 13. 0-0 g5 14. Bg3 h5 15. h4 Be7 16. Bd3 Bg4 17. f3 Ne3 18. Qc1 Nxf1 19. Kxf1 gxh4 20. Bh2 Bf5 21. Bxf5 exf5 22. Qxc6 Rd8 23. Nf4 Qb6 24. Qc4 Rh6 25. Nd5 Qc6 26. Qxc6 Rxc6 27. Nxe7 Kxe7 28. Nxb4 Rcc8 29. d5 Nb8 30. Bf4 Rg8 31. e6 fxe6 32. Re1 h3 33. Bxb8 Rxb8 34. Nc6+ Kd6 35. Nxb8 h2 36. Kf2 Rxb8 37. dxe6 h4 38. e7 Kd7 39. e8Q+ Rxe8 40. Rh1 Rb8 41. Rxh2 Rxb3 42. Rxh4 a5 43. Rh7+ Kc6 44. Rf7 Rb4 45. Rxf5 Rxa4 46. g4 Ra2+ 47. Kg3 a4 48. g5 Ra1 49. Kf4 a3 50. Ra5 Kd7 51. Kf5 a2 52. f4 Ke8 53. g6 Ke7 54. Ra7+ Kd6 55. g7 Kd5 1-0

[Event "BCF-chT 0506 (4NCL)"]
[Site "Birmingham"]
[Date "2006.03.05"]
[Round "8.1"]
[White "Parker, Jonathan"]
[Black "Chandler, Murray G"]
[Result "1/2-1/2"]
[WhiteElo "2504"]
[BlackElo "2537"]
[PlyCount "53"]
[EventDate "2005.10.22"]
[EventType "team"]
[EventRounds "11"]
[EventCountry "ENG"]
[SourceTitle "EXT 2007"]
[Source "ChessBase"]
[SourceDate "2006.11.23"]
[SourceVersion "1"]
[SourceVersionDate "2006.11.23"]
[SourceQuality "1"]
[WhiteTeam "Barbican"]
[BlackTeam "The ADS"]
[WhiteTeamCountry "ENG"]
[BlackTeamCountry "ENG"]

1. d4 Nf6 2. c4 e6 3. Nf3 b6 4. Nc3 Bb7 5. a3 d5 6. cxd5 Nxd5 7. e3 g6 8. Nxd5 exd5 9. Bd2 Bd6 10. Bb4 Bxb4+ 11. axb4 0-0 12. Be2 Qd6 13. Qa4 a6 14. Ne5 Nc6 15. Nxc6 Bxc6 16. Qb3 Bb5 17. Bxb5 axb5 18. 0-0 Rfc8 19. Ra3 Rxa3 20. bxa3 c5 21. bxc5 bxc5 22. dxc5 Qxc5 23. g3 Ra8 24. Rb1 d4 25. exd4 Qxd4 26. Qxb5 Rxa3 27. Qb8+ 1/2-1/2